000 00413nam a2200181Ia 4500
001 15648
005 20260306170211.0
008 260306t2015||||xx |||||||||||||| ||und||
041 _aESP
082 _a570
_bS66 T. 1
100 _aSolomon, Eldra P.
_eAUT
245 0 _aBiología
260 _c2015
300 _axxiv, 707 páginas :
_c27 cm.
650 _aGEN
654 _aCCN
942 _cLIB
_dJUS
_fJUS
_2ddc
_n
999 _c15648
_d15648